LEADER 01284cam0-22004571i-450- 001 990001449290403321 005 20050420110245.0 010 $a0-521-20016-4 035 $a000144929 035 $aFED01000144929 035 $a(Aleph)000144929FED01 035 $a000144929 100 $a20001205d1973----km-y0itay50------ba 101 0 $aeng 102 $aGB 105 $ay-------001yy 200 1 $a<>large scale structure of space-time$fS. W. Hawking, G. F. R. Ellis 210 $aCambridge$cCambridge University Press$d1973 215 $a400 p.$d24 cm 225 1 $aCambridge monographs on mathematical physics$v1 610 0 $aGeometria differenziale$aManuali 610 0 $aRelatività 610 0 $aGravità 676 $a530.1 676 $a530.11 700 1$aHawking,$bStephen William$046612 701 1$aEllis,$bGeorge Francis Rayner$045649 801 0$aIT$bUNINA$gRICA$2UNIMARC 901 $aBK 912 $a990001449290403321 952 $aMAI-53-005$b17885$fMA1 952 $a29-I-40$b14419$fMA1 952 $a23-075$b9058$fFI1 952 $a02 60 A 2$b2007$fFINBN 959 $aMA1 959 $aFI1 959 $aFINBN 962 $a53-01 962 $a83CXX 996 $aLarge scale structure of space-time$9374271 997 $aUNINA LEADER 01618nam 2200385Ia 450 001 996385052603316 005 20200824132030.0 035 $a(CKB)4940000000074783 035 $a(EEBO)2240949521 035 $a(OCoLC)ocm12056227e 035 $a(OCoLC)12056227 035 $a(EXLCZ)994940000000074783 100 $a19850520d1645 uy | 101 0 $aeng 135 $aurbn||||a|bb| 200 13$aAn indictment against England becavse of her selfe-mvrdering divisions$b[electronic resource] $etogether vvith an exhortation to an England preserving vnity and concord : presented in a sermon preached before the right honourable House of Lords in the Abby church at Westminster, at the late solemne fast, December 25, 1644 /$fby Edmund Calamy .. 210 $aLondon $cPrinted by I. L. for Christopher Meredith ...$d1645 215 $a[8], 41, [3] p 300 $a"A catalogue of the sermons preached and printed by order of both or either houses of Parliament, from January 1643 to January 1644": 3 p. at end. 300 $aReproduction of original in Thomason Collection, British Library. 330 $aeebo-0158 606 $aFast-day sermons 606 $aSects$zEngland$vSermons 607 $aGreat Britain$xPolitics and government$y1642-1649$vSermons 615 0$aFast-day sermons. 615 0$aSects 700 $aCalamy$b Edmund$f1600-1666.$01002065 801 0$bEAA 801 1$bEAA 801 2$bm/c 801 2$bWaOLN 906 $aBOOK 912 $a996385052603316 996 $aAn indictment against England becavse of her selfe-mvrdering divisions$92366636 997 $aUNISA